000 00536nam a2200181Ia 4500
005 20250508150826.0
008 008 250505s9999 xx 000 0 eng d
037 _aBooks to be hide in OPAC
040 _aFEDL
_beng
_cFEDL
041 _aeng
_2eng
084 _a428.2, WEB/O
_qFEDL
100 _aWebb Marion St. John
_9757747
245 0 _aTwice ten : Stories and verses
260 _aLondon, UK
_bUniversity of London Press Limited
_c1948
300 _a202p.
942 _cHB
_h428.2, WEB/O
999 _c1325900
_d1325900